000 01066cam a22003377a 4500
003 CHAP
005 20220817043128.0
008 971013s1985 r 00010 d
010 _a66376
011 _a67348
035 _a76818
040 _cCHAP
082 _a634.9025
_bF36y
110 2 _aFAO
245 1 0 _aLista mundial de instituciones que realizan investigaciones sobre bosques y productos forestales
260 _aRoma :
_bFAO,
_c1985
300 _a166 P.
490 0 _aFAO. Montes
_v; 62
590 _aBATCH-UPD
_b10
_c20130110
_lUCH01
_h0047
590 _aBATCH-UPD
_b10
_c20130110
_lUCH01
_h0848
590 _aBATCH-UPD
_b10
_c20130410
_lUCH01
_h0521
590 _aBATCH-UPD
_b10
_c20130914
_lUCH01
_h0718
590 _aCONVERSION
_b10
_c20130109
_lUCH01
_h1337
650 1 4 _aBosques
_xDirectorios.
_914124
650 1 4 _aBosques
_xInvestigación.
_914282
650 1 4 _aProductos forestales
_xDirectorios.
_992074
830 0 _aFAO. Montes
_v; 62
_939632
901 _aBK
942 _cLIBRO
949 _a634.9025 F36y
_bBC
_cFAO
_d-29675
_eFAO1
_h68763
_i76818
_si
999 _c66376
_d66376